The government role in civilian technology : Building a new alliance
Đã lưu trong:
| 格式: | 圖書 |
|---|---|
| 語言: | Undetermined |
| 出版: |
Washington
National Academy Press
1992
|
| 主題: | |
| 標簽: |
添加標簽
沒有標簽, 成為第一個標記此記錄!
|
| Thư viện lưu trữ: | Trung tâm Học liệu Trường Đại học Cần Thơ |
|---|
| LEADER | 00590nam a2200193Ia 4500 | ||
|---|---|---|---|
| 001 | CTU_95473 | ||
| 008 | 210402s9999 xx 000 0 und d | ||
| 082 | |a 338.97306 | ||
| 082 | |b G687 | ||
| 245 | 4 | |a The government role in civilian technology : | |
| 245 | 0 | |b Building a new alliance | |
| 245 | 0 | |c Panel on the Government Role in Civilian Technology ... [et al.] | |
| 260 | |a Washington | ||
| 260 | |b National Academy Press | ||
| 260 | |c 1992 | ||
| 650 | |a Technology and state | ||
| 650 | |z United States | ||
| 904 | |i M.Loan | ||
| 980 | |a Trung tâm Học liệu Trường Đại học Cần Thơ | ||